000 00568nam a22001937a 4500
003 KOHA_MİRAKIL
005 20250929081412.0
008 250929b tu ||||| |||| 00| 0 tur d
020 _a9786254055720
040 _aTR-AnABB
_btur
_cTR-AnABB
041 _atur
082 _a891.733
_bAND 2021
100 _aAndreyev, Lenoid,
_d1871-1917
245 1 0 _aKızıl kahkaha /
_cLeonid Andreyev
260 _aİstanbul :
_bTürkiye İş Bankası Kültür Yayınları,
_c2021
300 _a76 sayfa ;
_c21 cm
650 0 4 _aRus edebiyatı, roman
942 _2ddc
_cBK
999 _c8940
_d8940
900 _bGizem YORULMAZ